| 000 | 00455nam a2200133Ia 4500 | ||
|---|---|---|---|
| 008 | 171212s9999 xx 000 0 und d | ||
| 020 | _a9781781380253 | ||
| 100 | _aHuddart, David | ||
| 245 |
_cHuddart, David _aInvoluntary Associations _bPostcolonial Studies and World Englishes |
||
| 260 |
_bLiverpool University Press _c2014 |
||
| 440 | _aPostcolonialism Across the Disciplines | ||
| 650 | _aLinguistics | ||
| 856 | _uhttp://jstor.org/stable/j.ctt18kr776 | ||
| 999 |
_c351498 _d351498 |
||